Statistics for Colors in Dutch

Click here to take the quiz!

General Stats

  • This quiz has been taken 45 times
  • The average score is 9 of 11

Answer Stats

ColorAnswer% Correct
GreenGroen
100%
OrangeOranje
96%
RedRood
96%
BlackZwart
96%
BlueBlauw
88%
BrownBruin
88%
GrayGrijs
85%
YellowGeel
81%
PinkRoze
77%
IndigoIndigo
73%
PurplePurper
19%

Score Distribution

Percentile by Number Answered

Percent of People with Each Score

Your Score History

You have not taken this quiz